Разработка проводящей системы сердца; Неразрушающий контроль: электронное приборостроение, технологии, безопасность; Т. 1

Bibliografiset tiedot
Parent link:Неразрушающий контроль: электронное приборостроение, технологии, безопасность: сборник трудов V Всероссийской научно-практической конференции студентов, аспирантов и молодых учёных, Томск, 25-29 мая 2015 г./ Национальный исследовательский Томский политехнический университет (ТПУ).— , 2015
Т. 1.— 2015.— [260-263]
Päätekijä: Григорьев М. Г. Михаил Георгиевич
Yhteisötekijä: Национальный исследовательский Томский политехнический университет (ТПУ) Институт неразрушающего контроля (ИНК) Лаборатория № 63 (Медицинского приборостроения)
Muut tekijät: Бабич Л. Н. (научный руководитель), Авдеева Д. К. Диана Константиновна
Yhteenveto:Заглавие с титульного экрана
Kieli:venäjä
Julkaistu: 2015
Sarja:Электронно-измерительные устройства контроля и диагностики в технике и медицине
Aiheet:
Linkit:http://earchive.tpu.ru/handle/11683/23731
http://www.lib.tpu.ru/fulltext/c/2015/C36/V1/069.pdf
Aineistotyyppi: Elektroninen Kirjan osa
KOHA link:https://koha.lib.tpu.ru/cgi-bin/koha/opac-detail.pl?biblionumber=614254

MARC

LEADER 00000naa2a2200000 4500
001 614254
005 20231101132810.0
035 |a (RuTPU)RU\TPU\conf\12421 
090 |a 614254 
100 |a 20150918d2015 k y0rusy50 ca 
101 0 |a rus 
102 |a RU 
105 |a y z 101zy 
135 |a drgn ---uucaa 
181 0 |a i  
182 0 |a b 
200 1 |a Разработка проводящей системы сердца  |f М. Г. Григорьев, Л. Н. Бабич  |g науч. рук. Д. К. Авдеева 
203 |a Текст  |c электронный 
225 1 |a Электронно-измерительные устройства контроля и диагностики в технике и медицине 
230 |a 1 компьютерный файл (pdf; 416 Kb) 
300 |a Заглавие с титульного экрана 
320 |a [Библиогр.: с. 262-263 (6 назв.)] 
337 |a Adobe Reader 
461 1 |0 (RuTPU)RU\TPU\conf\12353  |t Неразрушающий контроль: электронное приборостроение, технологии, безопасность  |o сборник трудов V Всероссийской научно-практической конференции студентов, аспирантов и молодых учёных, Томск, 25-29 мая 2015 г.  |o в 2 т.  |f Национальный исследовательский Томский политехнический университет (ТПУ)  |d 2015 
463 1 |0 (RuTPU)RU\TPU\conf\12354  |t Т. 1  |v [260-263]  |d 2015 
610 1 |a труды учёных ТПУ 
610 1 |a электронный ресурс 
610 1 |a проводящие системы 
610 1 |a сердце 
610 1 |a математическое моделирование 
610 1 |a трехмерные модели 
610 1 |a кардиология 
700 1 |a Григорьев  |b М. Г.  |c специалист в области неразрушающего контроля  |c инженер Томского политехнического университета  |f 1990-  |g Михаил Георгиевич  |2 stltpush  |3 (RuTPU)RU\TPU\pers\30682 
701 1 |a Бабич  |b Л. Н. 
702 1 |a Авдеева  |b Д. К.  |c специалист в области неразрушающего контроля  |c профессор Томского политехнического университета, заведующий лабораторией медицинского приборостроения, доктор технических наук  |f 1943-  |g Диана Константиновна  |2 stltpush  |4 727 
712 0 2 |a Национальный исследовательский Томский политехнический университет (ТПУ)  |b Институт неразрушающего контроля (ИНК)  |b Лаборатория № 63 (Медицинского приборостроения)  |h 6599  |2 stltpush  |3 (RuTPU)RU\TPU\col\19731 
801 2 |a RU  |b 63413507  |c 20210208  |g RCR 
856 4 |u http://earchive.tpu.ru/handle/11683/23731 
856 4 |u http://www.lib.tpu.ru/fulltext/c/2015/C36/V1/069.pdf 
942 |c BK